000 00281nam a22001217a 4500
041 _aENG
100 _aSrivastav.R.M
245 _aGramin Navrirman Ke Naye Ayat
260 _aRocni
_bBirasa Krishi Vishwavidyalay
_c1991
300 _a244
650 _aGAE (15)
856 _uGAE (15)
999 _c2969
_d2969